000 00611nam a2200241 a 4500
001 nice12345678
003 IN_TiNIC
005 20260116012744.0
008 050524s1989 alba grp 000 0 eng
020 _a0791474
_c352.5
082 0 0 _a200.1
_bNAS
100 _aNasr, Deyyed Hossein
245 _aKnowledge and the Sacred
260 _aAlbany
_bState University of New York
_c1989
300 _a341p
500 _aincludes index and biblioraphy
505 2 _aIndex
650 _aReligion-Philosophy
700 1 _aNasr, Deyyed Hossein
902 _bSRS
942 _cBK
999 _c8246
_d8246